Honoré de Balzac - Statistiques

Statistiques générales
  • Ce quiz a été pris 102 fois
  • Le résultat moyen est 21 sur 42
Statistiques - réponses
Question Réponse % Correct
Les parents de Balzac sont...? Des bourgeois aisés, mais issus d’un milieu populaire
80%
Sa date de naissance est...? Le 20 mai 1799
80%
Par la suite, tout en travaillant chez un notaire, il achève des études de...? Droit
75%
En 1831, Balzac publie « La peau de chagrin ». A quoi fait référence la titre de ce roman? À une peau d’animal séchée qui échaude tous les voeux
70%
Elle a correspondu avec Balzac sous le nom 'L'étrangère'; puis elle est devenue le grand amour de l'écrivain qui l'a épousée avant de mourir. Il s'agit de... ? Eveline Hanska
70%
Quelle femme écrivain est une amie de Balzac? George Sand
70%
Quel auteur français s'est inspiré du Lys dans la vallée pour écrire ses romans ? Gustave Flaubert
70%
Comment Balzac travaille-t-il à ses roman? Il écrit de nuit, soutenu par de grandes quantités de café
70%
137 romans de Balzac sont liés entre eux et étudient les mœurs du temps. Cette œuvre gigantesque s’appelle...? La Comédie humaine
70%
L'œuvre de Balzac part du constat que penser et écrire le monde impliquent une même méthode. Il s'agit de... L’observation
70%
À quoi Émile Zola compare-t-il la Comédie humaine de Balzac ? À la tour de Babel
65%
Que fonde-t-il avec Victor Hugo, Alexandre Dumas, Frédéric Soulié et George Sand ? La Société des gens de lettres
65%
Balzac est un provincial né à...? Tours
65%
Epuisé, malade du coeur et des poumons, Balzac s'éteint à l'âge de... ? 51 ans
60%
Quel est le principal trait de caractère du Père Goriot dans le roman éponyme (1835)? C’est un père trop aimant
60%
Le jeune Honoré est marqué dans son enfance par...? L’absence d’amour maternel
60%
Le thème central de ce roman est le conflit entre désir et longévité. De quel roman s'agit-il ? La Peau de chagrin
60%
Quel roman historique, situé en Bretagne, est le premier chef d’œuvre de Balzac (1829)? Les Chouans
60%
En quelle année, Honoré de Balzac est décédé? 1850
55%
Balzac se lance dans une affaire -qui le mène à la faillite-, en devenant...? Imprimeur et éditeur de livres rares
55%
Quel roman de fin de carrière a pour héroïne une vieille fille pauvre et méchante? La cousine Bette
55%
Parmi ces romans traitant de courtisanes lequel est de Balzac? Splendeurs et misères des courtisanes
55%
Balzac est un dandy. Quel accessoire de mode lui permet de se distinguer des autres? Une canne incrustée de turquoises
55%
Quel jeune ambitieux apparaît, entre autres, dans « Le Père Goriot » et « Illusions perdues »? Eugène de Rastignac
50%
Le Lys dans la vallée (1836) relate l'éducation sentimentale de...? Félix de Vandenesse
50%
Ce personnage balzacien est un ancien forçant spécialiste de s déguisements. Son nom est...? Vautrin
50%
À partir de ses 20 ans, Balzac a pour maîtresses...? Des aristocrates plus âgées
45%
Le principe premier de son œuvre serait...? Le retour des personnages d’un roman à l’autre
45%
Une jeune fille tombe amoureuse de son cousin Charles qui l'abandonne, la réduisant à un mariage arrangé. Cette histoire est la trame du roman... ? Eugénie Grandet
40%
Balzac a-t-il eu des enfants? Oui, une fille et un garçon non légitimés
40%
Parmi ces romans policier, lequel est de Balzac? Une ténébreuse affaire
40%
La première œuvre littéraire de Balzac qui a connu un premier succès est...? La Physiologie du mariage
35%
Pour parler de la Comédie humaine de Balzac, Émile Zola a eu recours à quel substitut ? L’épopée moderne
35%
Il décide alors de devenir écrivain et loue une mansarde à Paris. Sa première pièce de théâtre s’intitule...? Cromwell
30%
Dans quel quartier de Paris peut-on visiter la maison de Balzac, devenue un musée Dans le XVIème arrondissement (Passy)
25%
Ses premiers romans, publiés sous des pseudonymes, n'ont pas grand succès. Ce sont... ? Des roman historiques
25%
Parmi ces femmes, laquelle n’a PAS eu de liaison avec Balzac Marie Duplessis
25%
Lorsque il écrit , Balzac porte une tenue particulière: Une longue tunique de moine à cordelette
25%
En 1834, une déception amoureuse inspiré Balzac un roman intitulé...? La duchesse de Langeais
20%
Après le célèbre collège de Vendôme, Honoré entre à 15 ans dans un célèbre lycée parisien: Charlemagne
10%
Où l’épouse-t-il? En Ukraine
5%
Le premier titre que Balzac a choisi pour son œuvre était...? Études sociales
5%
Aucun quiz correspondant
Distribution des résultats
% des personnes avec chaque résultat
Percentile par nombre de réponses
Votre historique - résultats
Vous n’avez pas pris ce quiz